[Event "BL2-Ost 2324"]
[Site "Germany"]
[Date "2024.02.24"]
[Round "7.8"]
[White "Petrov, Martin"]
[Black "Pitl, Gregory"]
[Result "1-0"]
[WhiteElo "2500"]
[BlackElo "2370"]
[PlyCount "37"]
[EventDate "2023.10.21"]
[EventType "team-tourn"]
[EventRounds "10"]
[EventCountry "GER"]
[SourceTitle "EXT 2025"]
[Source "ChessBase"]
[SourceDate "2024.10.14"]
[SourceVersion "1"]
[SourceVersionDate "2024.10.14"]
[SourceQuality "1"]
[WhiteTeam "Deggendorf"]
[BlackTeam "Goeggingen"]
[WhiteTeamCountry "GER"]
[BlackTeamCountry "GER"]

1. e4 c6 2. d4 d5 3. e5 Bf5 4. Nf3 e6 5. Be2 Ne7 6. c3 Nd7 7. 0-0 c5 8. dxc5 Nxc5 9. Nd4 a6 10. Be3 Qc7 11. b4 Nd7 12. f4 Be4 13. Nd2 Qxc3 14. Bf2 Rc8 15. b5 Nc5 16. bxa6 bxa6 17. Bxa6 Nxa6 18. Nxe4 dxe4 19. Nb5 1-0

[Event "BL2-Ost 2324"]
[Site "Germany"]
[Date "2024.02.04"]
[Round "6.5"]
[White "Renner, Christoph"]
[Black "Pitl, Gregory"]
[Result "1/2-1/2"]
[WhiteElo "2313"]
[BlackElo "2370"]
[PlyCount "49"]
[EventDate "2023.10.21"]
[EventType "team-tourn"]
[EventRounds "10"]
[EventCountry "GER"]
[SourceTitle "EXT 2025"]
[Source "ChessBase"]
[SourceDate "2024.10.14"]
[SourceVersion "1"]
[SourceVersionDate "2024.10.14"]
[SourceQuality "1"]
[WhiteTeam "Garching"]
[BlackTeam "Goeggingen"]
[WhiteTeamCountry "GER"]
[BlackTeamCountry "GER"]

1. c4 e5 2. Nc3 Nc6 3. g3 Bc5 4. Bg2 a6 5. e3 d6 6. Nge2 Ba7 7. 0-0 h5 8. Nd5 h4 9. b4 hxg3 10. fxg3 Nce7 11. Bb2 c6 12. Nxe7 Qxe7 13. b5 axb5 14. cxb5 d5 15. bxc6 bxc6 16. Qc2 Bd7 17. Qc3 Bb8 18. Nc1 Bd6 19. Nd3 Rh5 20. a4 Nf6 21. Ba3 e4 22. Bxd6 Qxd6 23. Nc5 Ke7 24. Rab1 Bc8 25. a5 1/2-1/2

[Event "BL2-Ost 2324"]
[Site "Germany"]
[Date "2023.12.01"]
[Round "8.8"]
[White "Pitl, Gregory"]
[Black "Oberhofer, Cedric"]
[Result "1-0"]
[WhiteElo "2370"]
[BlackElo "2286"]
[PlyCount "93"]
[EventDate "2023.10.21"]
[EventType "team-tourn"]
[EventRounds "10"]
[EventCountry "GER"]
[SourceTitle "EXT 2025"]
[Source "ChessBase"]
[SourceDate "2024.10.14"]
[SourceVersion "1"]
[SourceVersionDate "2024.10.14"]
[SourceQuality "1"]
[WhiteTeam "Goeggingen"]
[BlackTeam "Regensburg Bavaria"]
[WhiteTeamCountry "GER"]
[BlackTeamCountry "GER"]

1. d4 Nf6 2. Nf3 g6 3. c4 Bg7 4. Nc3 d5 5. h4 dxc4 6. e4 c5 7. d5 b5 8. h5 Nxh5 9. Nxb5 Qa5+ 10. Nc3 Nd7 11. Qc2 Qa6 12. Nd1 Nb6 13. a4 Bg4 14. a5 Bxf3 15. gxf3 Nd7 16. Bxc4 Qd6 17. Ra3 Nf4 18. Bb5 Rc8 19. Qa4 Rd8 20. Ne3 e5 21. Nc4 Qe7 22. Be3 0-0 23. Rc3 Ng2+ 24. Ke2 Nf6 25. d6 Qe6 26. Bxc5 Nf4+ 27. Kf1 Rc8 28. Bxa7 Rfd8 29. Be3 Nxe4 30. fxe4 Qg4 31. Bxf4 exf4 32. Rg1 Qh5 33. Rd3 Rc5 34. Bc6 f3 35. e5 Qh3+ 36. Ke1 Qh2 37. Rf1 Qf4 38. Rxf3 Qd4 39. Rc3 Bxe5 40. d7 Qf4 41. Nxe5 Rxe5+ 42. Kd1 Qf5 43. Qc2 Qh5+ 44. Kc1 Re2 45. Qd3 Qe5 46. f4 Re1+ 47. Kd2 1-0

[Event "Bundesliga 2122"]
[Site "Germany"]
[Date "2022.05.01"]
[Round "6.1"]
[White "Pitl, Gregory"]
[Black "Hennig, Dirk"]
[Result "1/2-1/2"]
[WhiteElo "2379"]
[BlackElo "2385"]
[PlyCount "42"]
[EventDate "2022.03.05"]
[EventType "team-tourn"]
[EventRounds "15"]
[EventCountry "GER"]
[SourceTitle "EXT 2023"]
[Source "ChessBase"]
[SourceDate "2022.10.05"]
[SourceVersion "1"]
[SourceVersionDate "2022.10.05"]
[SourceQuality "1"]
[WhiteTeam "Augsburg"]
[BlackTeam "Muenchen 36"]
[WhiteTeamCountry "GER"]
[BlackTeamCountry "GER"]

1. e4 c6 2. d4 d5 3. Nc3 dxe4 4. Nxe4 Nf6 5. Nxf6+ exf6 6. c3 Bd6 7. Bd3 0-0 8. Qc2 g6 9. Ne2 Re8 10. h4 Re7 11. Bh6 Be6 12. h5 Qe8 13. 0-0-0 Nd7 14. Nf4 Bxf4+ 15. Bxf4 Nf8 16. Kb1 Rd8 17. Be3 b5 18. Qe2 Bd5 19. Qg4 Qd7 20. Qxd7 Nxd7 21. Rhg1 Nb6 1/2-1/2

[Event "Bundesliga 2122"]
[Site "Germany"]
[Date "2022.04.09"]
[Round "3.1"]
[White "Pitl, Gregory"]
[Black "Colbow, Collin"]
[Result "1/2-1/2"]
[WhiteElo "2379"]
[BlackElo "2357"]
[PlyCount "55"]
[EventDate "2022.03.05"]
[EventType "team-tourn"]
[EventRounds "15"]
[EventCountry "GER"]
[SourceTitle "EXT 2023"]
[Source "ChessBase"]
[SourceDate "2022.10.05"]
[SourceVersion "1"]
[SourceVersionDate "2022.10.05"]
[SourceQuality "1"]
[WhiteTeam "Augsburg"]
[BlackTeam "Werder Bremen"]
[WhiteTeamCountry "GER"]
[BlackTeamCountry "GER"]

1. e4 c5 2. Nf3 e6 3. d4 cxd4 4. Nxd4 Nc6 5. Nc3 Qc7 6. g3 a6 7. Bg2 Nf6 8. 0-0 Nxd4 9. Qxd4 Bc5 10. Bf4 d6 11. Qd2 h6 12. Rad1 e5 13. Be3 Bxe3 14. fxe3 Be6 15. Qxd6 Rc8 16. Rf2 Qxd6 17. Rxd6 Rxc3 18. bxc3 Nd7 19. a4 Ke7 20. Rd1 a5 21. Rb1 b6 22. Bf1 Rc8 23. Rd2 Rxc3 24. Bb5 Nf6 25. Bd3 Nd7 26. Bb5 Nf6 27. Bd3 Nd7 28. Bb5 1/2-1/2

[Event "Bundesliga 1920"]
[Site "Germany"]
[Date "2021.10.14"]
[Round "10.8"]
[White "Wachinger, Nikolas"]
[Black "Pitl, Gregory"]
[Result "1/2-1/2"]
[WhiteElo "2242"]
[BlackElo "2375"]
[PlyCount "116"]
[EventDate "2019.11.23"]
[EventType "team-tourn"]
[EventRounds "15"]
[EventCountry "GER"]
[SourceTitle "EXT 2022"]
[Source "ChessBase"]
[SourceDate "2021.10.06"]
[SourceVersion "1"]
[SourceVersionDate "2021.10.06"]
[SourceQuality "1"]
[WhiteTeam "Werder Bremen"]
[BlackTeam "Augsburg"]
[WhiteTeamCountry "GER"]
[BlackTeamCountry "GER"]

1. e4 e5 2. Nf3 d6 3. d4 exd4 4. Nxd4 Nf6 5. Nc3 Be7 6. Bf4 0-0 7. Qd2 c6 8. 0-0-0 b5 9. f3 b4 10. Na4 Bd7 11. g4 c5 12. Nf5 Bxa4 13. Nxe7+ Qxe7 14. Bxd6 Qe8 15. Bxc5 Nbd7 16. Bxb4 Rc8 17. b3 Qe5 18. Qd4 Qf4+ 19. Kb2 Rfe8 20. Be2 Bc6 21. Bd6 Ne5 22. h4 Nfd7 23. Qd2 Qf6 24. Qd4 Qf4 25. Rh3 a5 26. Qd2 Qf6 27. Qd4 Re6 28. g5 Qf4 29. Qd2 Qxd2 30. Rxd2 Nb6 31. f4 Ned7 32. e5 Ree8 33. c4 Ra8 34. Rhd3 Nf8 35. Bg4 Ng6 36. Rf2 Nxh4 37. Bc7 Nc8 38. f5 Ra7 39. Bd8 Ne7 40. Bb6 Rb7 41. Bxa5 Be4 42. Rh3 Nexf5 43. Rfh2 Rxe5 44. Bc3 Ree7 45. Bxf5 Nxf5 46. Rxh7 f6 47. gxf6 gxf6 48. Rxe7 Rxe7 49. Bxf6 Rd7 50. a4 Kf7 51. Rh7+ Ke6 52. Rxd7 Kxd7 53. b4 Nd6 54. Kb3 Bf3 55. b5 Bd1+ 56. Kb4 Nxc4 57. Kxc4 Bxa4 58. Kb4 Bxb5 1/2-1/2

[Event "Bundesliga 1920"]
[Site "Germany"]
[Date "2020.02.08"]
[Round "5.6"]
[White "Pitl, Gregory"]
[Black "Lemmers, Oscar"]
[Result "1-0"]
[WhiteElo "2375"]
[BlackElo "2346"]
[PlyCount "91"]
[EventDate "2019.11.23"]
[EventType "team-tourn"]
[EventRounds "15"]
[EventCountry "GER"]
[SourceTitle "CBM 194 Extra"]
[Source "ChessBase"]
[SourceDate "2020.03.31"]
[SourceVersion "1"]
[SourceVersionDate "2020.03.31"]
[SourceQuality "1"]
[WhiteTeam "Augsburg"]
[BlackTeam "Aachen"]
[WhiteTeamCountry "GER"]
[BlackTeamCountry "GER"]

1. e4 c5 2. Nf3 e6 3. d4 cxd4 4. Nxd4 a6 5. c4 Nf6 6. Nc3 Qc7 7. a3 b6 8. Be3 Bb7 9. f3 Be7 10. Rc1 0-0 11. b4 d6 12. Be2 Nbd7 13. 0-0 Rac8 14. Nb3 Qb8 15. Qd2 Ne5 16. Na4 b5 17. Nb6 Rcd8 18. cxb5 d5 19. bxa6 dxe4 20. Qc3 exf3 21. gxf3 Bxa6 22. Bxa6 Bd6 23. Rc2 Nxf3+ 24. Rxf3 Ng4 25. Bc5 Bxh2+ 26. Kg2 Bd6 27. Bg1 h5 28. Na5 Bh2 29. Nc6 Qd6 30. Bf1 Bxg1 31. Kxg1 Rde8 32. b5 e5 33. Qd3 Qh6 34. Qf5 e4 35. Rh3 Ne3 36. Rxh5 Nxf5 37. Rxh6 gxh6 38. Nd7 Ne3 39. Re2 Nd5 40. Rd2 Nf4 41. Nf6+ Kg7 42. Nxe8+ Rxe8 43. Rb2 e3 44. b6 e2 45. Bxe2 Nxe2+ 46. Kh2 1-0

[Event "Bundesliga 1819"]
[Site "Germany"]
[Date "2019.04.06"]
[Round "14.3"]
[White "Perske, Thore"]
[Black "Pitl, Gregory"]
[Result "1-0"]
[WhiteElo "2448"]
[BlackElo "2387"]
[PlyCount "113"]
[EventDate "2018.11.10"]
[EventType "team-tourn"]
[EventRounds "15"]
[EventCountry "GER"]
[SourceTitle "CBM 189 Extra"]
[Source "ChessBase"]
[SourceDate "2019.05.31"]
[SourceVersion "1"]
[SourceVersionDate "2019.05.31"]
[SourceQuality "1"]
[WhiteTeam "Hofheim"]
[BlackTeam "Augsburg"]
[WhiteTeamCountry "GER"]
[BlackTeamCountry "GER"]

1. e4 c5 2. Nf3 e6 3. c3 Nf6 4. e5 Nd5 5. Bc4 Nb6 6. Bb3 Nc6 7. d4 cxd4 8. cxd4 d6 9. exd6 Bxd6 10. 0-0 Nd5 11. Bg5 Be7 12. Bxd5 Bxg5 13. Bxc6+ bxc6 14. Nxg5 Qxg5 15. Qd2 Qe7 16. Qe3 0-0 17. Nd2 Rd8 18. Nf3 Rb8 19. b3 Rb5 20. Rfc1 Qf6 21. Rc3 Rf5 22. Rac1 Bb7 23. Rc5 h6 24. h3 Rdd5 25. Ne5 Rd8 26. Nf3 Rdd5 27. b4 Rd8 28. R1c3 Ba6 29. Ra3 Rxc5 30. bxc5 Bc4 31. Rxa7 Bd5 32. Ne5 Rf8 33. Nd7 Qe7 34. Qa3 Rd8 35. Ne5 Qg5 36. Qg3 Qxg3 37. fxg3 f6 38. Ng6 Be4 39. Nf4 Rxd4 40. Nxe6 Rd2 41. Rxg7+ Kh8 42. Rg4 f5 43. Rg6 Kh7 44. Nf4 Rxa2 45. Re6 Rc2 46. Re5 Kg7 47. g4 Rc1+ 48. Kf2 Rc2+ 49. Kg3 Rc3+ 50. Kh4 Rc4 51. g5 Bxg2 52. gxh6+ Kxh6 53. Re6+ Kg7 54. Kg5 Bd5 55. Re7+ Kg8 56. Ng6 Re4 57. Kf6 1-0

[Event "Bundesliga 1819"]
[Site "Germany"]
[Date "2018.11.11"]
[Round "2.1"]
[White "Baramidze, David"]
[Black "Pitl, Gregory"]
[Result "1-0"]
[WhiteElo "2614"]
[BlackElo "2387"]
[PlyCount "63"]
[EventDate "2018.11.10"]
[EventType "team-tourn"]
[EventRounds "15"]
[EventCountry "GER"]
[SourceTitle "CBM 187 Extra"]
[Source "ChessBase"]
[SourceDate "2018.11.04"]
[SourceVersion "1"]
[SourceVersionDate "2018.11.04"]
[SourceQuality "1"]
[WhiteTeam "Hockenheim"]
[BlackTeam "Augsburg"]
[WhiteTeamCountry "GER"]
[BlackTeamCountry "GER"]

1. e4 c6 2. Nc3 d5 3. Nf3 Bg4 4. h3 Bxf3 5. Qxf3 Nf6 6. d3 e6 7. Bd2 Qb6 8. 0-0-0 d4 9. Ne2 Na6 10. Kb1 Nc7 11. c4 Bd6 12. h4 Nd7 13. h5 e5 14. g3 Rf8 15. Bh3 Nc5 16. Nc1 N7e6 17. Qg4 a5 18. Kc2 Qa6 19. f4 b5 20. f5 Nc7 21. Nb3 Nxd3 22. c5 Nxc5 23. Nxc5 Bxc5 24. f6 Ne6 25. fxg7 Rg8 26. h6 b4 27. Qf3 b3+ 28. Kb1 bxa2+ 29. Ka1 Qb7 30. Bxe6 fxe6 31. Qh5+ Qf7 32. Qxe5 1-0

[Event "AUT-chT2W 1617"]
[Site "Austria"]
[Date "2017.03.05"]
[Round "11.5"]
[White "Pitl, Gregory"]
[Black "Platzgummer, Fabian"]
[Result "1/2-1/2"]
[WhiteElo "2397"]
[BlackElo "2334"]
[PlyCount "62"]
[EventDate "2016.10.28"]
[EventType "team-tourn"]
[EventRounds "11"]
[EventCountry "AUT"]
[SourceTitle "CBM 177 Extra"]
[Source "ChessBase"]
[SourceDate "2017.04.27"]
[SourceVersion "1"]
[SourceVersionDate "2017.04.27"]
[SourceQuality "1"]
[WhiteTeam "SIR Bernhard"]
[BlackTeam "Zillertal"]
[WhiteTeamCountry "AUT"]
[BlackTeamCountry "AUT"]

1. e4 c5 2. Nf3 d6 3. c3 Nf6 4. Be2 Bg4 5. 0-0 e6 6. Re1 Nc6 7. d4 cxd4 8. cxd4 d5 9. e5 Nd7 10. Nbd2 Qb6 11. h3 Bh5 12. a3 a5 13. Qa4 Be7 14. b3 0-0 15. Bb2 Rfc8 16. Rac1 Rc7 17. b4 Bxf3 18. Nxf3 Rac8 19. b5 Ncb8 20. Rxc7 Rxc7 21. Nd2 Qa7 22. Nb3 b6 23. Nd2 Qb7 24. g3 Qc8 25. Bd3 Nf8 26. h4 Nbd7 27. Kg2 f5 28. Qb3 Ng6 29. Nf3 Ndf8 30. Ng1 Qe8 31. Nf3 Qf7 1/2-1/2

[Event "BL2-Ost 1617"]
[Site "Germany"]
[Date "2016.11.19"]
[Round "3.4"]
[White "Pitl, Gregory"]
[Black "Miller, Eduard"]
[Result "1-0"]
[WhiteElo "2397"]
[BlackElo "2298"]
[PlyCount "69"]
[EventDate "2016.10.14"]
[EventType "team-tourn"]
[EventRounds "10"]
[EventCountry "GER"]
[SourceTitle "CBM 177 Extra"]
[Source "ChessBase"]
[SourceDate "2017.04.27"]
[SourceVersion "1"]
[SourceVersionDate "2017.04.27"]
[SourceQuality "1"]
[WhiteTeam "Goeggingen"]
[BlackTeam "Erlangen"]
[WhiteTeamCountry "GER"]
[BlackTeamCountry "GER"]

1. e4 c6 2. d4 d5 3. e5 c5 4. dxc5 Nc6 5. a3 e6 6. Nf3 Bxc5 7. b4 Bb6 8. Bb2 f6 9. Bd3 Nxe5 10. Nxe5 fxe5 11. Qh5+ Kf8 12. Bxe5 Nf6 13. Qe2 Kf7 14. Nd2 Rf8 15. 0-0 Kg8 16. c4 a5 17. Rad1 axb4 18. axb4 Ra4 19. b5 Qe7 20. h3 g6 21. Bc2 Ra3 22. Nb1 Ra8 23. Nc3 Qb4 24. cxd5 Nxd5 25. Nxd5 exd5 26. Rxd5 Bc5 27. Rxc5 Qxc5 28. Bb3+ Rf7 29. Bb2 Bd7 30. Rc1 Qxb5 31. Qf3 Qf5 32. Qc3 Qxf2+ 33. Kh1 Kf8 34. Re1 Be6 35. Bxe6 1-0

[Event "AUT-chT2W 1617"]
[Site "Austria"]
[Date "2016.10.29"]
[Round "2.3"]
[White "Pitl, Gregory"]
[Black "Koepke, Elena"]
[Result "1-0"]
[WhiteElo "2397"]
[BlackElo "2342"]
[PlyCount "165"]
[EventDate "2016.10.28"]
[EventType "team-tourn"]
[EventRounds "11"]
[EventCountry "AUT"]
[SourceTitle "EXT 2018"]
[Source "ChessBase"]
[SourceDate "2017.10.13"]
[SourceVersion "1"]
[SourceVersionDate "2017.10.13"]
[SourceQuality "1"]
[WhiteTeam "SIR Bernhard"]
[BlackTeam "Kufstein/Woergl"]
[WhiteTeamCountry "AUT"]
[BlackTeamCountry "AUT"]

1. d4 d5 2. c4 dxc4 3. e4 Nc6 4. Nf3 Bg4 5. d5 Ne5 6. Bf4 Ng6 7. Be3 Nf6 8. Bxc4 e5 9. Nc3 a6 10. Be2 Bd6 11. Nd2 Bd7 12. 0-0 0-0 13. g3 Qc8 14. f3 h5 15. Bf2 Qd8 16. Nc4 h4 17. Qd3 Kh7 18. Be3 Rh8 19. g4 h3 20. Rfc1 Kg8 21. Nd1 Ne8 22. Qd2 Be7 23. Nf2 Nd6 24. a4 Nxc4 25. Rxc4 Bd6 26. Nd3 Nh4 27. f4 b5 28. Rc2 exf4 29. Bxf4 bxa4 30. e5 Bf8 31. Nf2 Bb5 32. Rd1 Ng6 33. Bg3 Rc8 34. Ne4 Qe8 35. Bxb5 axb5 36. Qd4 Qd7 37. Ng5 Qe7 38. Nf3 Rd8 39. Qe4 a3 40. Nd4 a2 41. Nc6 Qe8 42. Nxd8 Qxd8 43. b4 Qa8 44. Ra1 Ne7 45. Rd2 Rh6 46. Raxa2 Qb7 47. Ra1 Nc8 48. Rf1 Qa7+ 49. Kh1 Qa3 50. Rdf2 Qxb4 51. Qxb4 Bxb4 52. Rxf7 Nb6 53. Rxc7 Nxd5 54. Rc8+ Kh7 55. Rb1 Ra6 56. Rcc1 Ra2 57. Be1 Be7 58. Rxb5 Ne3 59. Rb3 Bg5 60. Rcb1 Bf4 61. R3b2 Rxb2 62. Rxb2 Bxe5 63. Re2 Nxg4 64. Re4 Bc3 65. Bg3 Nf6 66. Rh4+ Kg6 67. Rxh3 Ne4 68. Bh4 Be5 69. Kg2 Nf6 70. Bxf6 Bxf6 71. Ra3 Kh5 72. Kf3 Kh4 73. Kf4 Bb2 74. Rb3 Bc1+ 75. Kf5 g5 76. Rb7 Kh3 77. Rh7+ Kg2 78. Kg4 Bf4 79. h3 Bd2 80. Ra7 Be3 81. Ra3 Bf4 82. Ra2+ Kg1 83. h4 1-0

[Event "AUT-chT2W 1617"]
[Site "Austria"]
[Date "2016.10.28"]
[Round "1.3"]
[White "Pitl, Gregory"]
[Black "Roth, Peter"]
[Result "1-0"]
[WhiteElo "2397"]
[BlackElo "2128"]
[PlyCount "33"]
[EventDate "2016.10.28"]
[EventType "team-tourn"]
[EventRounds "11"]
[EventCountry "AUT"]
[SourceTitle "EXT 2018"]
[Source "ChessBase"]
[SourceDate "2017.10.13"]
[SourceVersion "1"]
[SourceVersionDate "2017.10.13"]
[SourceQuality "1"]
[WhiteTeam "SIR Bernhard"]
[BlackTeam "Salzburg ASK"]
[WhiteTeamCountry "AUT"]
[BlackTeamCountry "AUT"]

1. d4 g6 2. e4 Bg7 3. Nc3 c6 4. Be3 d5 5. f3 dxe4 6. fxe4 Nf6 7. Nf3 Qa5 8. e5 Ne4 9. Bd3 Bf5 10. 0-0 Nxc3 11. bxc3 Bxd3 12. Qxd3 f6 13. Rab1 b6 14. c4 Nd7 15. e6 Nf8 16. d5 Rd8 17. Nd4 1-0

[Event "AUT-chT 1516"]
[Site "Austria"]
[Date "2016.02.28"]
[Round "8.4"]
[White "Schloetzer, Waldemar"]
[Black "Pitl, Gregory"]
[Result "1/2-1/2"]
[WhiteElo "2303"]
[BlackElo "2397"]
[PlyCount "60"]
[EventDate "2015.11.05"]
[EventType "team-tourn"]
[EventRounds "11"]
[EventCountry "AUT"]
[SourceTitle "EXT 2017"]
[Source "ChessBase"]
[SourceDate "2016.10.25"]
[SourceVersion "1"]
[SourceVersionDate "2016.10.25"]
[SourceQuality "1"]
[WhiteTeam "Goetzis"]
[BlackTeam "Salzburg Royal"]
[WhiteTeamCountry "AUT"]
[BlackTeamCountry "AUT"]

1. d4 d5 2. c4 dxc4 3. e3 e5 4. Bxc4 exd4 5. exd4 Bd6 6. Nf3 Nf6 7. 0-0 0-0 8. h3 Nc6 9. Nc3 h6 10. Re1 Bf5 11. d5 Ne7 12. Nd4 Bd7 13. Be3 a6 14. Bb3 Nf5 15. Nxf5 Bxf5 16. Qf3 Bg6 17. Rac1 Nd7 18. Bc2 Ne5 19. Qe2 Re8 20. Ne4 Rc8 21. g3 Bb4 22. Red1 Qe7 23. a3 Bd6 24. Kg2 Rcd8 25. Rd2 Nc4 26. Qxc4 Bxe4+ 27. Bxe4 Qxe4+ 28. Qxe4 Rxe4 29. Kf3 Re7 30. Rc4 Be5 1/2-1/2

[Event "AUT-chT 1516"]
[Site "Austria"]
[Date "2016.02.26"]
[Round "6.5"]
[White "Taggatz, Mario"]
[Black "Pitl, Gregory"]
[Result "1/2-1/2"]
[WhiteElo "2178"]
[BlackElo "2397"]
[PlyCount "43"]
[EventDate "2015.11.05"]
[EventType "team-tourn"]
[EventRounds "11"]
[EventCountry "AUT"]
[SourceTitle "EXT 2017"]
[Source "ChessBase"]
[SourceDate "2016.10.25"]
[SourceVersion "1"]
[SourceVersionDate "2016.10.25"]
[SourceQuality "1"]
[WhiteTeam "Sauwald"]
[BlackTeam "Salzburg Royal"]
[WhiteTeamCountry "AUT"]
[BlackTeamCountry "AUT"]

1. d4 Nf6 2. c4 e6 3. Nc3 Bb4 4. e3 0-0 5. Bd3 d5 6. a3 Bxc3+ 7. bxc3 c5 8. cxd5 exd5 9. Ne2 Re8 10. 0-0 Nc6 11. f3 Qd6 12. Ng3 Be6 13. Ra2 Rad8 14. Re2 Bc8 15. Nf5 Bxf5 16. Bxf5 b5 17. Bb1 a5 18. Rfe1 Re6 19. Bf5 Ree8 20. Bb1 Re6 21. Bf5 Ree8 22. Bb1 1/2-1/2

[Event "BL2-Ost 1516"]
[Site "Germany"]
[Date "2016.02.20"]
[Round "9.5"]
[White "Pitl, Gregory"]
[Black "Krensing, Jan"]
[Result "1-0"]
[WhiteElo "2405"]
[BlackElo "2336"]
[PlyCount "69"]
[EventDate "2015.09.20"]
[EventType "team-tourn"]
[EventRounds "9"]
[EventCountry "GER"]
[SourceTitle "CBM 171 Extra"]
[Source "ChessBase"]
[SourceDate "2016.04.26"]
[SourceVersion "1"]
[SourceVersionDate "2016.04.26"]
[SourceQuality "1"]
[WhiteTeam "Goeggingen"]
[BlackTeam "Bindlach"]
[WhiteTeamCountry "GER"]
[BlackTeamCountry "GER"]

1. e4 c5 2. Nf3 Nc6 3. d4 cxd4 4. Nxd4 g6 5. c4 Bg7 6. Be3 Nf6 7. Nc3 d6 8. Be2 0-0 9. 0-0 Bd7 10. Qd2 Nxd4 11. Bxd4 Bc6 12. f3 a5 13. b3 Nd7 14. Be3 Nc5 15. Rab1 Qb6 16. Rfc1 Rfc8 17. Rc2 h5 18. Bf1 Kh7 19. g3 Qd8 20. Bg2 Qe8 21. Nd5 Bxd5 22. cxd5 b5 23. f4 b4 24. e5 Nd7 25. e6 Rxc2 26. Qxc2 Nc5 27. f5 Rc8 28. Rc1 fxe6 29. dxe6 Bf6 30. fxg6+ Qxg6 31. Qc4 Kg8 32. Qd5 Bg7 33. Be4 Qe8 34. Bb1 h4 35. Qf5 1-0

[Event "AUT-chT2W 1516"]
[Site "Austria"]
[Date "2015.10.16"]
[Round "1.4"]
[White "Pitl, Gregory"]
[Black "Ljubic, Juro"]
[Result "1-0"]
[WhiteElo "2387"]
[BlackElo "2213"]
[PlyCount "61"]
[EventDate "2015.10.16"]
[EventType "team-tourn"]
[EventRounds "11"]
[EventCountry "AUT"]
[SourceTitle "CBM 168 Extra"]
[Source "ChessBase"]
[SourceDate "2015.10.29"]
[SourceVersion "1"]
[SourceVersionDate "2015.10.29"]
[SourceQuality "1"]
[WhiteTeam "Bernhard II"]
[BlackTeam "Schwarzach"]
[WhiteTeamCountry "AUT"]
[BlackTeamCountry "AUT"]

1. e4 c5 2. Nf3 Nc6 3. d4 cxd4 4. Nxd4 g6 5. Nc3 Bg7 6. Nb3 Nf6 7. g4 0-0 8. g5 Ne8 9. h4 Nc7 10. Bg2 e6 11. f4 d5 12. e5 b6 13. Be3 Qd7 14. Qg4 Ba6 15. 0-0-0 Ne7 16. Kb1 Nf5 17. Bf2 Rfc8 18. Ne4 Ne8 19. Nf6+ Nxf6 20. gxf6 h5 21. Qf3 Bf8 22. Bh3 Bb7 23. Bxf5 exf5 24. Rhg1 Kh7 25. Nd4 Bc5 26. Rg5 Bxd4 27. Rxh5+ Kg8 28. Bxd4 Qc6 29. Rd2 Qa4 30. Rg5 Rc4 31. Qh5 1-0

[Event "AUT-chT 1415"]
[Site "Austria"]
[Date "2015.03.21"]
[Round "11.4"]
[White "Wegerle, Joerg"]
[Black "Pitl, Gregory"]
[Result "0-1"]
[WhiteElo "2446"]
[BlackElo "2391"]
[PlyCount "68"]
[EventDate "2014.11.20"]
[EventType "team-tourn"]
[EventRounds "11"]
[EventCountry "AUT"]
[SourceTitle "EXT 2016"]
[Source "ChessBase"]
[SourceDate "2015.10.08"]
[SourceVersion "1"]
[SourceVersionDate "2015.10.08"]
[SourceQuality "1"]
[WhiteTeam "Absam"]
[BlackTeam "Salzburg"]
[WhiteTeamCountry "AUT"]
[BlackTeamCountry "AUT"]

1. e4 c5 2. Nc3 Nc6 3. Bb5 Nd4 4. Bc4 e6 5. Nge2 Nf6 6. 0-0 a6 7. d3 b5 8. Bb3 Nxb3 9. axb3 Bb7 10. f4 d5 11. e5 d4 12. exf6 dxc3 13. f5 Qxf6 14. fxe6 cxb2 15. Bxb2 Qxb2 16. exf7+ Kd7 17. c3 Bd5 18. Rb1 Bxb3 19. Qe1 Qc2 20. Nf4 Bxf7 21. Qe4 Ra7 22. Nd5 Kd6 23. Ne3 Qxc3 24. d4 Bg6 25. dxc5+ Qxc5 26. Qf4+ Kc6 27. Rfc1 Bxb1 28. Qf3+ Kb6 29. Rxc5 Bxc5 30. Kh1 Rd7 31. Nd5+ Ka7 32. h4 Rf8 33. Qb3 Be4 34. Nc3 Rd3 0-1

[Event "AUT-chT 1415"]
[Site "Austria"]
[Date "2015.03.01"]
[Round "8.2"]
[White "Pitl, Gregory"]
[Black "Diermair, Andreas"]
[Result "0-1"]
[WhiteElo "2391"]
[BlackElo "2455"]
[PlyCount "86"]
[EventDate "2014.11.20"]
[EventType "team-tourn"]
[EventRounds "11"]
[EventCountry "AUT"]
[SourceTitle "EXT 2016"]
[Source "ChessBase"]
[SourceDate "2015.10.08"]
[SourceVersion "1"]
[SourceVersionDate "2015.10.08"]
[SourceQuality "1"]
[WhiteTeam "Salzburg"]
[BlackTeam "Raika Feffernitz"]
[WhiteTeamCountry "AUT"]
[BlackTeamCountry "AUT"]

1. e4 e5 2. Nf3 Nc6 3. Bc4 Bc5 4. c3 Nf6 5. d3 0-0 6. 0-0 d5 7. exd5 Nxd5 8. Re1 Bg4 9. h3 Bh5 10. Nbd2 Nb6 11. Bb5 Bd6 12. Ne4 f5 13. Ng3 Bxf3 14. Qxf3 Qd7 15. Bxc6 bxc6 16. Nf1 Rae8 17. Be3 Kh8 18. Rad1 c5 19. Bc1 c4 20. dxc4 Nxc4 21. Qe2 Qc6 22. b3 Nb6 23. c4 Nd7 24. Rd5 Nf6 25. Rdd1 e4 26. Bb2 Bb4 27. Nd2 a5 28. a3 Bc5 29. Nf1 f4 30. Qc2 Qe6 31. Qc3 Qb6 32. Re2 Re7 33. Nh2 e3 34. f3 Nh5 35. Nf1 c6 36. Rb1 Rd8 37. b4 axb4 38. axb4 Bxb4 39. Qc2 Qc5 40. Ba1 Kg8 41. Kh2 Ng3 42. Nxg3 fxg3+ 43. Kh1 Rd2 0-1

[Event "Oberliga Bayern 1415"]
[Site "Germany"]
[Date "2014.12.07"]
[Round "4.3"]
[White "Hilverda, Alexander"]
[Black "Pitl, Gregory"]
[Result "1-0"]
[WhiteElo "2353"]
[BlackElo "2392"]
[PlyCount "87"]
[EventDate "2014.10.19"]
[EventType "team-tourn"]
[EventRounds "9"]
[EventCountry "GER"]
[SourceTitle "EXT 2016"]
[Source "ChessBase"]
[SourceDate "2015.10.08"]
[SourceVersion "1"]
[SourceVersionDate "2015.10.08"]
[SourceQuality "1"]
[WhiteTeam "Erlangen"]
[BlackTeam "Goeggingen"]
[WhiteTeamCountry "GER"]
[BlackTeamCountry "GER"]

1. d4 Nf6 2. c4 e6 3. Nf3 Bb4+ 4. Bd2 c5 5. Bxb4 cxb4 6. a3 bxa3 7. Rxa3 0-0 8. Nc3 d6 9. e4 Nc6 10. Bd3 e5 11. d5 Nb4 12. 0-0 b6 13. Ne1 a5 14. Nc2 Bd7 15. Ne3 g6 16. Bc2 Rc8 17. Ba4 Bxa4 18. Qxa4 Nd7 19. Qd1 Qg5 20. Nb5 Qe7 21. Qe2 Kh8 22. Nc2 Nxc2 23. Qxc2 Rc5 24. Rh3 Kg8 25. b3 f6 26. f4 exf4 27. Nd4 Qe5 28. Ne6 Re8 29. Rhf3 Rxe6 30. dxe6 Qxe6 31. Rxf4 b5 32. Qd2 bxc4 33. bxc4 Qe5 34. Rd1 Rc6 35. Qd5+ Qxd5 36. exd5 Ra6 37. Rb1 a4 38. Rf2 Nc5 39. Rxf6 Nb3 40. Rf2 Kg7 41. g4 Ra7 42. Ra2 Nc5 43. Rb6 Ne4 44. g5 1-0